000 01167nam a2200277Ia 4500
999 _c37942
_d37942
001 3923
003 GE_BSU
005 20190916113400.0
008 181216s1973||||ge |||||||||||||| ||geo||
040 _cGE_BSU
041 _ageo
080 _a1(061) ნ–99
100 _aნუცუბიძე, შალვა
_93684
245 _aშრომები :
_bტ. 1 : ბოლცანო და მეცნიერების თეორია. ალეთოლოგიის საფუძვლები /
_cტომის რედ. შალვა ხიდაშელი.
264 _aთბ. :
_bმეცნიერება,
_c1973.
300 _a386 გვ. ;
_b22 სმ.
501 _aპირთა საძიებელი: გვ. 383-385.
541 _h5 ლ.
653 _aბოლცანო, ბერნარდ
653 _aალეთოლოგია
653 _aმეცნიერების თეორია
653 _aჭეშმარიტება
653 _aმსჯელობა
700 _aხიდაშელი, შ.
_eრედაქტორი
_93726
942 _cBK
_2udc